[Event "BCF-chT2 0102 (4NCL)"]
[Site "Birmingham"]
[Date "2002.05.05"]
[Round "10.7"]
[White "Gunter, David WW"]
[Black "Hague, Ben"]
[Result "0-1"]
[WhiteElo "2140"]
[BlackElo "2219"]
[PlyCount "82"]
[EventDate "2001.09.22"]
[EventType "team-tourn"]
[EventRounds "11"]
[EventCountry "ENG"]
[SourceTitle "EXT 2003"]
[Source "ChessBase"]
[SourceDate "2002.11.25"]
[SourceVersion "1"]
[SourceVersionDate "2002.11.25"]
[SourceQuality "1"]
[WhiteTeam "Beeson Gregory III"]
[BlackTeam "NW Eagles"]
[WhiteTeamCountry "ENG"]
[BlackTeamCountry "ENG"]

1. d4 d6 2. Nf3 f5 3. Bf4 Nf6 4. e3 g6 5. h3 Bg7 6. Be2 0-0 7. 0-0 Ne4 8. Nbd2 Nc6 9. Bh2 e6 10. Nxe4 fxe4 11. Nd2 d5 12. c4 Ne7 13. f3 Nf5 14. Qb3 Bh6 15. f4 Kh8 16. g4 Ne7 17. Bg3 Nc6 18. Kg2 a5 19. h4 a4 20. Qd1 Qe7 21. g5 Bg7 22. h5 Kg8 23. a3 Bd7 24. Nb1 Na5 25. Nc3 Nxc4 26. Bxc4 dxc4 27. hxg6 hxg6 28. Rh1 Rad8 29. Qe2 b5 30. Na2 c5 31. dxc5 Qxc5 32. Be1 Rf5 33. Bb4 Qc6 34. Nc3 e5 35. Rad1 exf4 36. exf4 e3+ 37. Kg3 Re8 38. Rh2 Rxg5+ 39. fxg5 Be5+ 40. Kh4 Bxh2 41. Qxh2 Re4+ 0-1

[Event "BCF-chT2 0102 (4NCL)"]
[Site "Birmingham"]
[Date "2002.03.24"]
[Round "8.4"]
[White "Gunter, David WW"]
[Black "Waddington, Mike P"]
[Result "1-0"]
[WhiteElo "2140"]
[BlackElo "2219"]
[PlyCount "123"]
[EventDate "2001.09.22"]
[EventType "team-tourn"]
[EventRounds "11"]
[EventCountry "ENG"]
[SourceTitle "EXT 2003"]
[Source "ChessBase"]
[SourceDate "2002.11.25"]
[SourceVersion "1"]
[SourceVersionDate "2002.11.25"]
[SourceQuality "1"]
[WhiteTeam "Beeson Gregory III"]
[BlackTeam "Poisoned Pawns"]
[WhiteTeamCountry "ENG"]
[BlackTeamCountry "ENG"]

1. d4 f5 2. Nf3 Nf6 3. Bf4 g6 4. h3 Bg7 5. e3 0-0 6. Be2 d6 7. 0-0 c6 8. c4 Na6 9. Nc3 Nc7 10. b4 h6 11. a4 Qe8 12. Bh2 Ne6 13. Qb3 Kh8 14. c5 d5 15. b5 Nd7 16. bxc6 bxc6 17. Nxd5 g5 18. Nb4 Nd8 19. Rac1 g4 20. hxg4 fxg4 21. Ne5 Nxe5 22. Bxe5 Bxe5 23. dxe5 Qh5 24. Qc4 Be6 25. Qc3 Rf5 26. Nd3 Qg5 27. Nf4 Bd5 28. Nxd5 cxd5 29. c6 Rc8 30. c7 Ne6 31. Qc6 Rxe5 32. Qd7 Rxc7 33. Rxc7 Nxc7 34. Qxc7 g3 35. Qc8+ Kh7 36. Bd3+ Kg7 37. Qc3 gxf2+ 38. Rxf2 Qxe3 39. Kf1 d4 40. Qd2 Qg3 41. Rf3 Qh4 42. Rh3 Qf6+ 43. Kg1 Rc5 44. Rg3+ Rg5 45. Rxg5+ hxg5 46. Qe2 Qd6 47. Qe4 Qb4 48. Qg6+ Kf8 49. Qf5+ Kg7 50. Qxg5+ Kf8 51. Qf5+ Kg7 52. Qg6+ Kf8 53. Qh6+ Ke8 54. Bb5+ Kf7 55. Qf4+ Ke6 56. Kh2 a6 57. Qh6+ Ke5 58. Qxa6 Qd2 59. Qg6 e6 60. Bc4 Qc3 61. Qxe6+ Kf4 62. Qf6+ 1-0

[Event "Guernsey op 27th"]
[Site "Guernsey"]
[Date "2001.10.24"]
[Round "4"]
[White "Gunter, David WW"]
[Black "Burton, Ronnie"]
[Result "1/2-1/2"]
[WhiteElo "2136"]
[BlackElo "2075"]
[PlyCount "84"]
[EventDate "2001.10.21"]
[EventType "swiss"]
[EventRounds "7"]
[EventCountry "GCI"]
[SourceTitle "EXT 2002"]
[Source "ChessBase"]
[SourceDate "2001.11.25"]
[SourceVersion "1"]
[SourceVersionDate "2001.11.25"]
[SourceQuality "1"]

1. c4 e6 2. Nc3 b6 3. Nf3 Bb7 4. a3 Nf6 5. d4 d5 6. Bg5 Be7 7. e3 0-0 8. Bd3 h6 9. Bxf6 Bxf6 10. cxd5 exd5 11. 0-0 Nd7 12. Ne2 g6 13. Rc1 Rc8 14. Nf4 Re8 15. Qa4 a6 16. Bb1 Nf8 17. b4 Qd7 18. Qc2 Qe7 19. Nd3 Nd7 20. Ba2 Kg7 21. Nf4 Qe4 22. Qb3 c6 23. h3 Bg5 24. Ne2 Qe7 25. Ng3 f5 26. Bb1 Rf8 27. Rc3 Qd6 28. Qc2 Rce8 29. Re1 Qf6 30. Nh2 h5 31. Nf3 Bh6 32. h4 Re6 33. Qd3 Qe7 34. Qc2 Kh8 35. Qd1 Kg7 36. Qd3 Rf7 37. Re2 Rf8 38. Rcc2 Rf7 39. Ba2 Qd6 40. Bb1 Qe7 41. Ba2 Qd6 42. Bb1 Qe7 1/2-1/2

[Event "Lisbon op"]
[Site "Lisbon"]
[Date "2001.08.24"]
[Round "4"]
[White "Iruzubieta Villaluenga, Jesus Maria"]
[Black "Gunter, David WW"]
[Result "1-0"]
[WhiteElo "2414"]
[BlackElo "2140"]
[PlyCount "69"]
[EventDate "2001.08.21"]
[EventType "swiss"]
[EventRounds "9"]
[EventCountry "POR"]
[SourceTitle "EXT 2002"]
[Source "ChessBase"]
[SourceDate "2001.11.25"]
[SourceVersion "1"]
[SourceVersionDate "2001.11.25"]
[SourceQuality "1"]

1. Nf3 e6 2. c4 d5 3. d4 c5 4. cxd5 exd5 5. Nc3 Nc6 6. Bg5 Be7 7. Bxe7 Ngxe7 8. g3 Bg4 9. dxc5 Bxf3 10. exf3 Qa5 11. Bb5 a6 12. Bxc6+ bxc6 13. Qd4 0-0 14. 0-0 Rab8 15. a3 Nf5 16. Qe5 g6 17. b4 Qd8 18. Rad1 Qg5 19. Rfe1 Rbe8 20. Qxe8 Rxe8 21. Rxe8+ Kg7 22. Nxd5 cxd5 23. c6 Nd6 24. c7 Qf5 25. Rc1 Nc8 26. a4 h5 27. Rxc8 Qxc8 28. b5 axb5 29. axb5 d4 30. b6 d3 31. b7 Qxb7 32. c8Q Qxf3 33. Qc3+ Kh7 34. Qd2 h4 35. Qf4 1-0

[Event "BCF-chT3a 0001 (4NCL)"]
[Site "Birmingham"]
[Date "2001.03.17"]
[Round "7.6"]
[White "Kelly, Paul J"]
[Black "Gunter, David WW"]
[Result "0-1"]
[WhiteElo "1816"]
[BlackElo "2140"]
[PlyCount "66"]
[EventDate "2000.11.26"]
[EventType "team-tourn"]
[EventRounds "7"]
[EventCountry "ENG"]
[SourceTitle "EXT 2002"]
[Source "ChessBase"]
[SourceDate "2001.11.25"]
[SourceVersion "1"]
[SourceVersionDate "2001.11.25"]
[SourceQuality "1"]
[WhiteTeam "Mindsports"]
[BlackTeam "Beeson Gregory III"]
[WhiteTeamCountry "ENG"]
[BlackTeamCountry "ENG"]

1. d4 e6 2. e4 d5 3. e5 c5 4. c3 Nc6 5. Nf3 Qb6 6. a3 Nh6 7. b4 cxd4 8. cxd4 Nf5 9. Be3 Bd7 10. Bd3 Nxe3 11. fxe3 g6 12. 0-0 Bh6 13. Qd2 0-0 14. g4 Ne7 15. Nc3 a6 16. g5 Bg7 17. h4 h5 18. gxh6 Bxh6 19. Nh2 Rac8 20. Ng4 Bg7 21. Nf6+ Bxf6 22. exf6 Nf5 23. Bxf5 exf5 24. Nxd5 Qd6 25. Qg2 Kh7 26. Ne7 Rc3 27. Nxf5 Bxf5 28. Rxf5 Rxe3 29. Rh5+ Kg8 30. Re5 Rxe5 31. dxe5 Qd4+ 32. Kh2 Qxa1 33. Qg5 Qb2+ 0-1

[Event "Jersey op"]
[Site "St Helier"]
[Date "1999.02.16"]
[Round "3"]
[White "Gunter, David WW"]
[Black "Williams, Simon Kim"]
[Result "0-1"]
[WhiteElo "2159"]
[BlackElo "2367"]
[PlyCount "126"]
[EventDate "1999.02.??"]
[EventType "swiss"]
[EventRounds "7"]
[EventCountry "JCI"]
[SourceTitle "EXT 2000"]
[Source "ChessBase"]
[SourceDate "1999.11.16"]
[SourceVersion "1"]
[SourceVersionDate "1999.11.16"]
[SourceQuality "1"]

1. d4 e6 2. Nf3 f5 3. c4 Nf6 4. Nc3 Be7 5. h3 b6 6. Bf4 Bb7 7. e3 0-0 8. Be2 d6 9. Qc2 Qe8 10. 0-0 Nbd7 11. Nd2 e5 12. Bh2 Bd8 13. Bf3 e4 14. Be2 g5 15. Rae1 Qg6 16. f3 Be7 17. Nd5 Bd8 18. Nc3 g4 19. fxg4 fxg4 20. Bxg4 Nxg4 21. hxg4 Bh4 22. Rxf8+ Rxf8 23. Rf1 Rxf1+ 24. Nxf1 Nf6 25. Bg3 Bg5 26. c5 Nxg4 27. cxd6 cxd6 28. Nb5 Nxe3 29. Qb3+ Bd5 30. Qc3 Nxf1 31. Kxf1 e3 32. Nxd6 Be6 33. Qc6 e2+ 34. Kxe2 Bg4+ 35. Kf1 Qb1+ 36. Be1 Qd3+ 37. Kg1 Qxd4+ 38. Kh1 h5 39. Qe8+ Kh7 40. Qf7+ Qg7 41. Qxg7+ Kxg7 42. Bc3+ Kg6 43. g3 Bf3+ 44. Kh2 Bd5 45. a3 Bd8 46. Bd4 Kg5 47. Nb5 Kg4 48. Be5 a6 49. Nc7 Bb7 50. Ne6 Be7 51. Nf4 b5 52. Ng6 Bc5 53. Nh4 Bf2 54. Ng6 Kf5 55. Nf4 Kxe5 56. Nd3+ Kd4 57. Nxf2 Kc4 58. Kh3 Bf3 59. Kh4 Kb3 60. Nd3 a5 61. Kg5 Bd1 62. Kh4 a4 63. Kg5 Kc2 0-1

[Event "BCF-chT 9899 (4NCL)"]
[Site "England"]
[Date "1998.11.21"]
[Round "3.7"]
[White "Gunter, David WW"]
[Black "Flower, David"]
[Result "0-1"]
[WhiteElo "2175"]
[BlackElo "2065"]
[PlyCount "108"]
[EventDate "1998.10.??"]
[EventType "team-tourn"]
[EventRounds "11"]
[EventCountry "ENG"]
[SourceTitle "EXT 2000"]
[Source "ChessBase"]
[SourceDate "1999.11.16"]
[SourceVersion "1"]
[SourceVersionDate "1999.11.16"]
[SourceQuality "1"]
[WhiteTeam "BCM"]
[BlackTeam "Barbican II"]
[WhiteTeamCountry "ENG"]
[BlackTeamCountry "ENG"]

1. Nf3 d5 2. c4 Nf6 3. g3 e6 4. Bg2 Be7 5. 0-0 0-0 6. cxd5 exd5 7. d4 c6 8. Nc3 Re8 9. Ne5 Nbd7 10. f4 Bf8 11. Kh1 Nb6 12. a3 Bf5 13. e3 h5 14. Bd2 g6 15. h3 Kg7 16. Be1 Bd6 17. b4 Qc8 18. Kh2 Qe6 19. Bf2 Ne4 20. Nxe4 Bxe4 21. Ra2 f6 22. Nf3 Nc4 23. Re1 a5 24. bxa5 Rxa5 25. Qb3 b5 26. a4 Rb8 27. Qd1 Rba8 28. Qb3 Rxa4 29. Rea1 Rxa2 30. Rxa2 Rxa2 31. Qxa2 Bf5 32. Nh4 Be4 33. Nf3 Qe7 34. Nh4 Bxg2 35. Nxg2 Qb7 36. Nh4 f5 37. g4 hxg4 38. hxg4 fxg4 39. Qc2 Qf7 40. Kg1 Qe6 41. Qa2 g3 42. Qa7+ Kf6 43. Bxg3 Qxe3+ 44. Bf2 Qc1+ 45. Kg2 Qxf4 46. Qa8 Qg4+ 47. Kf1 Qh3+ 48. Ke2 Qe6+ 49. Kd1 Qg4+ 50. Ke1 Bb4+ 51. Kf1 Nd2+ 52. Ke1 Nf3+ 53. Kd1 Ne1+ 54. Kc1 Nd3+ 0-1

[Event "BCF-ch 85th"]
[Site "Torquay"]
[Date "1998.08.06"]
[Round "10"]
[White "Morrison, Chris"]
[Black "Gunter, David WW"]
[Result "0-1"]
[WhiteElo "2200"]
[BlackElo "2185"]
[PlyCount "86"]
[EventDate "1998.08.??"]
[EventType "swiss"]
[EventRounds "11"]
[EventCountry "ENG"]
[SourceTitle "CBM 066 Extra"]
[Source "ChessBase"]
[SourceDate "1998.11.06"]
[SourceVersion "1"]
[SourceVersionDate "1998.11.06"]
[SourceQuality "1"]

1. e4 e6 2. d4 d5 3. Nd2 Nc6 4. c3 e5 5. exd5 Qxd5 6. Ngf3 exd4 7. Bc4 Qh5 8. cxd4 Be6 9. Bxe6 fxe6 10. 0-0 Nf6 11. Nc4 0-0-0 12. Be3 Bd6 13. Nfe5 Qxd1 14. Rfxd1 Bxe5 15. Nxe5 Nxe5 16. dxe5 Nd5 17. Bd4 Rd7 18. Rd2 Rhd8 19. Rad1 b6 20. b3 c5 21. Bb2 Kc7 22. a3 Kc6 23. g3 a5 24. f4 Ne3 25. Rxd7 Rxd7 26. Rxd7 Kxd7 27. Bc1 Nf5 28. Bb2 Kc6 29. Kf2 Kd5 30. g4 Nd4 31. Ke3 Nc6 32. h4 g6 33. Kd3 h5 34. gxh5 gxh5 35. Bc3 Ne7 36. Be1 Nf5 37. Bf2 Ng7 38. b4 axb4 39. axb4 c4+ 40. Ke2 b5 41. Kf3 Nf5 42. Be1 Nd4+ 43. Kf2 Ke4 0-1